000 00530nam a2200193Ia 4500
005 20250508150601.0
008 008 250505s9999 xx 000 0 eng d
037 _aTextual
040 _aFEDL
_beng
_cFEDL
041 _aeng
_2eng
084 _a319.54, GHO
_qFEDL
100 _aGhosh M. K.
245 0 _aIndian statistics
260 _aAllahabad, India
_bThe Indian Press Limited
_c1948
300 _aiv,385p.
700 _a Elhance D. N.
_9757100
942 _cTEXL
_h319.54, GHO
999 _c1324394
_d1324394